000
00260nam a2200121Ia 4500
100
_a
Parthasarathy K.R.
942
_c
BK
654
_a
Basic
245
_a
Basic Graph Theory
260
_b
Tata Mc Graw hill
_a
New Delhi
_c
1994
546
_a
ENGLISH
999
_c
26926
_d
26926